Age of History II wszystkie prowincje w Polsce na współczesnym świecie - Statystyki

Ogólne statystyki
  • Ten quiz został rozwiązany 33 razy
  • Średni wynik to 20 z 42
Statystyki odpowiedzi
Nazwa prowincji % Poprawnych
Warszawa
96%
Gdańsk
85%
Szczecin
85%
Lublin
81%
Kraków
74%
Wrocław
74%
Rzeszów
70%
Gdynia
67%
Bydgoszcz
63%
Łódź
63%
Opole
63%
Poznań
63%
Białystok
59%
Olsztyn
59%
Suwałki
59%
Zielona Góra
59%
Nowy Sącz
56%
Gorzów Wielkopolski
52%
Kielce
52%
Toruń
52%
Bytom
48%
Ełk
48%
Kalisz
48%
Malbork
48%
Słupsk
48%
Częstochowa
44%
Piła
44%
Biała Podlaska
41%
Gniezno
41%
Przemyśl
41%
Płock
37%
Wałbrzych
37%
Kołobrzeg
33%
Chełm
26%
Łomża
26%
Krosno
22%
Siedlce
22%
Wyszków
22%
Chojnice
11%
Ciechanów
11%
Busko-Zdrój
7%
Starograd
0%
Nie znaleziono quizów pasujących do podanych kryteriów
Rozkład punktacji
Procent ludzi z każdym wynikiem
Percentyl według liczby udzielonych odpowiedzi
Twoja historia wyników
Nie rozwiązałeś tego quizu